Oldest Association Football Clubs - Statistics

General Stats
  • This quiz has been taken 21 times
  • The average score is 4 of 15
Answer Stats
Year Founded Team % Correct
1857 Sheffield
84%
1862 Notts County
68%
1865 Nottingham Forest
63%
Stoke City
42%
Sheffield Wednesday
32%
1864 Wrexham
21%
1867 Queen's Park
16%
Royal Engineers
16%
1863 Bradford Park Avenue
11%
1856 Cambridge University
5%
Hallam
5%
1860 1860 Munich
0%
Brigg Town
0%
Civil Service
0%
Cray Wanderers
0%
No matching quizzes found
Score Distribution
Percent of People with Each Score
Percentile by Number Answered
Your Score History
You have not taken this quiz